NBA Basketball Top Four Teams - Statistics

General Stats
  • This quiz has been taken 372 times
    132 since last reset
  • The average score is 18 of 22
Answer Stats
Answer % Correct
Los Angeles Lakers
100%
Oklahoma City Thunder
98%
Boston Celtics
97%
Miami Heat
96%
Golden State Warriors
95%
Cleveland Cavaliers
92%
Indiana Pacers
92%
Dallas Mavericks
91%
Denver Nuggets
91%
San Antonio Spurs
90%
Milwaukee Bucks
89%
Toronto Raptors
87%
Phoenix Suns
85%
New York Knicks
77%
Minnesota Timberwolves
74%
Houston Rockets
68%
Chicago Bulls
65%
Los Angeles Clippers
61%
Orlando Magic
59%
Atlanta Hawks
57%
Memphis Grizzlies
47%
Portland Trail Blazers
44%
No matching quizzes found
Score Distribution
Percent of People with Each Score
Percentile by Number Answered
Your Score History
You have not taken this quiz since the last reset